000 00565nam a2200193Ia 4500
005 20250508165936.0
008 008 250505s9999 xx 000 0 hin d
020 _a978-93-83737-35-2
037 _aTextual
040 _aFEDL
_beng
_cFEDL
041 _ahin
_2eng
084 _a323.4, ILO
_qFEDL
245 0 _abaal shram: Asahye per nishana
245 0 _cInternational Labour Organisation
260 _aGeneva, Switzerland
_bInternational Labour Organisation
_c1996
300 _a142p.
942 _cTEXL
_h323.4, ILO
999 _c1398321
_d1398321